| 000 | 00891nam a2200289 i 4500 | ||
|---|---|---|---|
| 003 | EG-GICUC | ||
| 005 | 20260121101213.0 | ||
| 008 | 251112s1912 -us ||f |||| 001 0 eng d | ||
| 040 |
_aEG-GiCUC _beng _cEG-GiCUC _dEG-GiCUC _erda |
||
| 041 | 0 | _aeng | |
| 082 | 0 | 4 |
_221 _a338.82 _bEL . M |
| 092 | 0 | 4 | _221 |
| 099 | _aLaw1 13 338.82 EL . M 1912 | ||
| 100 | 1 |
_aEly , Richard T _eAuthor. |
|
| 245 | 1 | 0 |
_aMonopolies and Trusts/ _bBy Richard T. Ely, Ph.d., Ll.d. |
| 264 | 1 |
_aNew York : _b The Macmillan Company , _c1912 |
|
| 300 |
_a284 pages ; _c22 cm |
||
| 336 |
_2rda content _atext |
||
| 337 |
_2rda media _aComputer |
||
| 338 |
_2rda carrier _aOnline Resource |
||
| 504 | _aIncludes index. | ||
| 546 | _aText in English | ||
| 650 | 1 | 4 | _aPublic finance and tax legislation |
| 856 | 4 | 0 | _uhttps://fll.law.cu.edu.eg/fulltext/bks/B13-07342.pdf |
| 905 | _a48 | ||
| 942 |
_2ddc _cBK _e21 _n0 |
||
| 999 |
_c42783 _d42783 |
||